000 01475nam a2200349 c 4500
003 BLK
005 20241206005450.0
008 180409b bul|||||r ||||||| ||bul||
010 _aKNG00108759000
020 _a954-739-281-6
040 _aBLK
041 _aBUL
_cBUL
080 _aБългарска литература
_b821.163.2
_x-1(082.2)
_z821.163.2-1(082.2)
100 _aБагряна, Елисавета
_d1893-1991
_qБелчева, Елисавета Любомирова
_9364149
139 _aБагряна, Елисавета
_bБ 13
245 1 0 _aВечната и святата
_bАнтология
_cЕлисавета Багряна; подб. и ред. Иван Сарандев.
257 _aBGR
260 _bЗахарий Стоянов
_c2002
_fСофия : Образование и наука
_aСофия
300 _a246 с.
_c20 см
380 _aX
490 _aПоредица Българска класика
_v20
500 _aЕлисавета Багряна - псевд. на Елисавета Любомирова Белчева. - Офс. изд. - 1 000 тир.
653 _aстихотворения
700 1 _aСарандев, Иван Атанасов
_9118951
852 _aЦб 216547
856 4 _qpdf
856 4 _qpdf
942 _cKNG
_n0
944 _aCR
_c05.11.2003
_lCRON CRON
_k
944 _aED
_c29.08.2017
_kВиолета_Тройчева
999 _c103681
_d103681
999 _d103681